[Event "Open It Up"]
[Site "SchemingMind.com"]
[Date "2014.11.04"]
[Round "-"]
[White "Don Vito"]
[Black "kenneth m day"]
[Result "0-1"]
[WhiteCountry "VEN"]
[BlackCountry "USA"]
[WhiteElo "1822"]
[WhiteRD "85"]
[BlackElo "1691"]
[BlackRD "48"]
[GameID "368413"]

1. e4 e5 2. f4 exf4 3. Nf3 Be7 4. Bc4 Nf6 5. e5 Ng4 6. d4 d5 7. exd6 Bxd6 8. Qe2+ Qe7 9. Qxe7+ Bxe7 10. Bxf4 Bd6
11. Bxd6 cxd6 12. O-O O-O 13. Re1 Nc6 14. c3 Bf5 15. Nbd2 Rfe8 16. Ng5 Bg6 17. Ndf3 h6 18. Nh3 Ne3 19. Bb3 a5 20. a4 Re4
21. Kf2 Rae8 22. Nd2 Ng4+ 23. Kf1 Nxh2+ 24. Kf2 Ng4+ 25. Kf1 Rxe1+ 26. Rxe1 Bd3+
0-1

[Event "Open It Up"]
[Site "SchemingMind.com"]
[Date "2014.11.05"]
[Round "-"]
[White "kenneth m day"]
[Black "Don Vito"]
[Result "0-1"]
[WhiteCountry "USA"]
[BlackCountry "VEN"]
[WhiteElo "1712"]
[WhiteRD "48"]
[BlackElo "1789"]
[BlackRD "94"]
[GameID "368414"]

1. e4 e5 2. f4 exf4 3. Nf3 g5 4. Nc3 Bg7 5. g3 d6 6. Bc4 g4 7. Nh4 fxg3 8. hxg3 Be5 9. O-O Nf6 10. Nf5 Bxf5
11. Rxf5 Nc6 12. d3 Nd4 13. Rxf6 Qxf6 14. Qxg4 c6 15. Bf4 Bxf4 16. Qxf4 Qxf4 17. gxf4 Ke7 18. Rc1 b5 19. Bb3 b4 20. Kf2 Nxb3
21. cxb3 bxc3 22. bxc3 h5 23. Rh1 h4 24. Rh3 Rag8
0-1

[Event "Open It Up"]
[Site "SchemingMind.com"]
[Date "2014.11.06"]
[Round "-"]
[White "Don Vito"]
[Black "Phillip Beckett"]
[Result "1-0"]
[WhiteCountry "VEN"]
[BlackCountry "ENG"]
[WhiteElo "1833"]
[WhiteRD "97"]
[BlackElo "1540"]
[BlackRD "50"]
[GameID "368530"]

1. e4 e5 2. f4 Qh4+ 3. g3 Qe7 4. Nc3 exf4 5. d4 fxg3 6. Nf3 c6 7. Bg5 f6 8. Bf4 d5 9. Qe2 dxe4 10. Nxe4 Nd7
11. Bd6 Qe6 12. Nxf6+ Kf7 13. Ng5+
1-0

[Event "Open It Up"]
[Site "SchemingMind.com"]
[Date "2014.11.07"]
[Round "-"]
[White "Phillip Beckett"]
[Black "Don Vito"]
[Result "1-0"]
[WhiteCountry "ENG"]
[BlackCountry "VEN"]
[WhiteElo "1540"]
[WhiteRD "50"]
[BlackElo "1833"]
[BlackRD "97"]
[GameID "368531"]

1. e4 e5 2. f4 exf4 3. Nf3 g5 4. Bc4 g4 5. O-O gxf3 6. Qxf3 Qf6 7. e5 Qxe5 8. Bxf7+ Kxf7 9. d4 Qxd4+ 10. Be3 Qf6
11. Nc3 Bd6 12. Nd5 Qe6 13. Bxf4 Bxf4 14. Qxf4+ Kg6 15. Rae1 Qxd5 16. Re5 Qxe5 17. Qxe5 d6 18. Qe4+ Kh5 19. Qe8+ Kh6 20. Qf8+ Kg6
21. Qf7+ Kh6 22. Rf4 Nc6 23. Rh4+ Kg5 24. Rh5+ Kg4 25. h3+
1-0

[Event "Open It Up"]
[Site "SchemingMind.com"]
[Date "2014.11.07"]
[Round "-"]
[White "Phillip Beckett"]
[Black "kenneth m day"]
[Result "1-0"]
[WhiteCountry "ENG"]
[BlackCountry "USA"]
[WhiteElo "1540"]
[WhiteRD "50"]
[BlackElo "1657"]
[BlackRD "51"]
[GameID "368532"]

1. e4 e5 2. f4 exf4 3. Nf3 g5 4. Bc4 Nc6 5. O-O d6 6. d4 Be7 7. h4 g4 8. Ng5 Bxg5 9. hxg5 Qxg5 10. Bxf4 Qg6
11. e5 Bf5 12. exd6 cxd6 13. c3 O-O-O 14. Qa4 d5 15. Bb5 Nge7 16. Bxc6 Nxc6 17. Nd2 Bd7 18. b4 a6 19. Nb3 Na7 20. Qa5 Qc6
21. Nc5 Nb5 22. Be5 Rhf8 23. a4 Nxc3 24. b5 Nxb5 25. axb5
1-0

[Event "Open It Up"]
[Site "SchemingMind.com"]
[Date "2014.11.07"]
[Round "-"]
[White "kenneth m day"]
[Black "Phillip Beckett"]
[Result "1-0"]
[WhiteCountry "USA"]
[BlackCountry "ENG"]
[WhiteElo "1657"]
[WhiteRD "51"]
[BlackElo "1540"]
[BlackRD "50"]
[GameID "368533"]

1. e4 e5 2. f4 Qh4+ 3. g3 Qe7 4. d3 exf4 5. Bxf4 d5 6. Qe2 dxe4 7. Nc3 exd3 8. Qxe7+ Nxe7 9. Bxd3 c6 10. O-O-O Bg4
11. Be2 Bxe2 12. Ngxe2 Nd7 13. Bc7 Ng6 14. Rhe1 Be7 15. Nf4 Ndf8 16. Ne4 Nxf4 17. gxf4 Ne6 18. Bd6 Rd8 19. Bxe7 Kxe7 20. Nc5 b6
21. Nd3 Rhe8 22. f5
1-0

[Event "Open It Up"]
[Site "SchemingMind.com"]
[Date "2014.11.14"]
[Round "-"]
[White "Don Vito"]
[Black "Clive Everill"]
[Result "1/2-1/2"]
[WhiteCountry "VEN"]
[BlackCountry "CZE"]
[WhiteElo "1822"]
[WhiteRD "85"]
[BlackElo "1688"]
[BlackRD "52"]
[GameID "368909"]

1. e4 e5 2. f4 Bc5 3. Nf3 d6 4. Nc3 Nf6 5. Bc4 Nc6 6. d3 a6 7. Nd5 Nxd5 8. Bxd5 exf4 9. Bxf4 Qf6 10. Bd2 Ne5
11. Rf1 O-O 12. Bc3 Nxf3+ 13. Qxf3 Qxf3 14. Rxf3 c6 15. Rg3 g6 16. Bb3 Be6 17. O-O-O Bxb3 18. cxb3 f5 19. Rf1 fxe4 20. Rxf8+ Rxf8
21. dxe4 Re8 22. Rg4 Be3+ 23. Kc2 Bb6 24. Rf4 Bc7 25. Rh4 d5 26. exd5 cxd5 27. Kd3 Bb6 28. Rb4 Re6 29. Bd4=
1/2-1/2

[Event "Open It Up"]
[Site "SchemingMind.com"]
[Date "2014.11.14"]
[Round "-"]
[White "Clive Everill"]
[Black "Don Vito"]
[Result "0-1"]
[WhiteCountry "CZE"]
[BlackCountry "VEN"]
[WhiteElo "1676"]
[WhiteRD "55"]
[BlackElo "1828"]
[BlackRD "88"]
[GameID "368910"]

1. e4 e5 2. f4 exf4 3. Nf3 g5 4. Bc4 Nc6 5. O-O Bg7 6. d4 d6 7. c3 h6 8. Na3 Nf6 9. Re1 Bd7 10. e5 Nh7
11. exd6+ Kf8 12. Ne5 Nxe5 13. dxe5 cxd6 14. Qxd6+ Qe7 15. Qc7 Bc6 16. Qxe7+ Kxe7 17. Bb3 Rad8 18. Nc4 Nf8 19. Na5 Ng6 20. Nxc6+ bxc6
21. e6 f5 22. a4 Rd6 23. a5 Ne5 24. Ba2 c5 25. Bb1 Kxe6 26. h4 Kf6 27. hxg5+ hxg5 28. b4 cxb4 29. cxb4 Nc4 30. Ba2 Kg6
31. Rb1 Nd2 32. Bxd2 Rxd2 33. Re6+ Kh5 34. Bc4 Kg4 35. Be2+ f3 36. Bxf3+ Kg3 37. Rb3 Bd4+ 38. Ree3 f4
0-1

[Event "Open It Up"]
[Site "SchemingMind.com"]
[Date "2014.11.13"]
[Round "-"]
[White "Clive Everill"]
[Black "Phillip Beckett"]
[Result "1/2-1/2"]
[WhiteCountry "CZE"]
[BlackCountry "ENG"]
[WhiteElo "1688"]
[WhiteRD "54"]
[BlackElo "1567"]
[BlackRD "49"]
[GameID "368911"]

1. e4 e5 2. f4 Qh4+ 3. g3 Qe7 4. fxe5 d6 5. exd6 Qxe4+ 6. Qe2 Qxe2+ 7. Nxe2 Bxd6 8. Bg2 c6 9. O-O Nf6 10. d4 O-O
11. c4 Bg4 12. Nec3 Nbd7 13. Bg5 h6 14. Be3 Rae8 15. Bf2 Be2 16. Nxe2 Rxe2 17. b3 Ne4 18. Bxe4 Rxe4 19. Nc3 Ree8 20. c5 Bc7
21. a3 Nf6 22. Rad1 Ne4 23. Nxe4 Rxe4 24. Rfe1 Rfe8 25. Rxe4 Rxe4 26. Rd2 Ba5 27. Rd3 Be1 28. Be3 Ba5 29. b4 Bc7 30. Kf2 Kf8
31. Kf3 Re8 32. d5 cxd5 33. Rxd5 Rd8 34. Rxd8+ Bxd8 35. a4 a6 36. b5 axb5 37. axb5 Ke8 38. Kf4 Bg5+ 39. Ke4 Bxe3 40. Kxe3 Kd7
41. Ke4 Ke6 42. Kd4 f5 43. c6 bxc6 44. bxc6 Kd6 45. c7 Kxc7 46. Ke5 g6 47. Kf6 Kd6 48. Kxg6 Ke5 49. Kxh6 f4 50. gxf4+ Kxf4
51. h4 Kf5 52. h5 Kf6 53. Kh7 Kf7=
1/2-1/2

[Event "Open It Up"]
[Site "SchemingMind.com"]
[Date "2014.11.13"]
[Round "-"]
[White "Phillip Beckett"]
[Black "Clive Everill"]
[Result "0-1"]
[WhiteCountry "ENG"]
[BlackCountry "CZE"]
[WhiteElo "1540"]
[WhiteRD "50"]
[BlackElo "1709"]
[BlackRD "52"]
[GameID "368912"]

1. e4 e5 2. f4 exf4 3. Nf3 Ne7 4. Bc4 d5 5. exd5 Nxd5 6. O-O Be6 7. d4 Bd6 8. Re1 c6 9. Bxd5 cxd5 10. Nc3 O-O
11. Ne5 Nc6 12. Bxf4 Bb4 13. Nxc6 bxc6 14. Bd2 Qd7 15. a3 Ba5 16. Qh5 Bd8 17. Re3 Bg4 18. Qe5 Bf6 19. Qf4 Rab8 20. b3 Be6
21. Rae1 Rfe8 22. Qf2 Bxd4 23. Qe2 Bxe3+ 24. Bxe3 d4
0-1

[Event "Open It Up"]
[Site "SchemingMind.com"]
[Date "2014.11.14"]
[Round "-"]
[White "Clive Everill"]
[Black "kenneth m day"]
[Result "0-1"]
[WhiteCountry "CZE"]
[BlackCountry "USA"]
[WhiteElo "1688"]
[WhiteRD "54"]
[BlackElo "1712"]
[BlackRD "48"]
[GameID "368913"]

1. e4 e5 2. f4 exf4 3. Nf3 Be7 4. Bc4 d6 5. d4 g5 6. Nc3 Bg4 7. O-O Nd7 8. Qd3 h6 9. h3 Bh5 10. Nd5 Ngf6
11. Nxe7 Qxe7 12. Re1 O-O-O 13. Nd2 Bg6 14. Qf3 Nb6 15. Bd3 Bh5 16. Qf2 Rhe8 17. Kf1 Rg8 18. e5 dxe5 19. Rxe5 Qd6 20. c3 Nbd5
21. Nc4 Qc6 22. Bf5+ Kb8 23. Bd3 g4 24. Bxf4 Nxf4 25. Qxf4 gxh3 26. gxh3 Qh1+ 27. Kf2 Rg2+ 28. Ke3 Qxh3+
0-1

[Event "Open It Up"]
[Site "SchemingMind.com"]
[Date "2014.11.14"]
[Round "-"]
[White "kenneth m day"]
[Black "Clive Everill"]
[Result "0-1"]
[WhiteCountry "USA"]
[BlackCountry "CZE"]
[WhiteElo "1691"]
[WhiteRD "48"]
[BlackElo "1688"]
[BlackRD "52"]
[GameID "368914"]

1. e4 e5 2. f4 d5 3. exd5 exf4 4. Nf3 Nf6 5. Nc3 Nxd5 6. d4 Bb4 7. Bd2 Bxc3 8. bxc3 O-O 9. Be2 Nd7 10. O-O N7f6
11. c4 Ne3 12. Bxe3 fxe3 13. Ne5 c6 14. Qd3 g6 15. Qxe3 Re8 16. c3 Bf5 17. Qg5 Kg7 18. h4 h6 19. Qg3 Ne4 20. Qf4 Nxc3
21. Bf3 f6 22. Ng4 Rh8 23. Qe3 Na4 24. Rad1 Qd7 25. Nf2 Rhe8 26. Ne4 Qc7 27. Rfe1 Re7 28. Qb3 Nb6 29. Ng3 Rxe1+ 30. Rxe1 Qxg3
31. Re7+ Kh8 32. Qb4 Qxh4 33. Rxb7 Re8 34. Re7 Qxd4+ 35. Kh2 Rd8 36. Re1 Qxc4 37. Qe7 Qh4+ 38. Kg1 Qd4+ 39. Kh1 Nc8 40. Qe3 Qh4+
41. Kg1 c5 42. Rc1 Qd4 43. Qxd4 Rxd4 44. Rxc5 Ra4 45. Bd5 Nb6 46. Bb3 Rd4 47. Rc7 a5 48. Rc6 Nd7 49. Rc8+ Kg7 50. Rg8+ Kh7
51. Re8 a4 52. Re7+ Kh8 53. Re8+ Kg7 54. Re7+ Kf8 55. Rf7+ Ke8
0-1

[Event "Open It Up"]
[Site "SchemingMind.com"]
[Date "2014.11.23"]
[Round "-"]
[White "Don Vito"]
[Black "David Hartley"]
[Result "1-0"]
[WhiteCountry "VEN"]
[BlackCountry "ENG"]
[WhiteElo "1879"]
[WhiteRD "83"]
[BlackElo "1813"]
[BlackRD "60"]
[GameID "369201"]

1. e4 e5 2. f4 d5 3. exd5 e4 4. d3 Nf6 5. dxe4 Nxe4 6. Nf3 Bc5 7. Qe2 Bf5 8. Nc3 Qe7 9. Be3 Bxe3 10. Qxe3 O-O
11. O-O-O Re8 12. Ne5 Nd7 13. Nxe4 Nxe5 14. Ng3 Bg4 15. fxe5 Bxd1 16. Kxd1 Qxe5 17. Qxe5 Rxe5 18. Bc4 Rd8 19. Kc1 a6 20. Rf1 Rd7
21. a4 g6 22. Rf4 f5 23. Rf1 Rd6 24. Ne2 Kg7 25. Nf4 c6 26. dxc6 Rxc6 27. Bb3 Rd6 28. Rd1 Rxd1+ 29. Kxd1 Re7 30. Kd2 Kh6
31. h4 Kg7 32. Bc4 h6 33. Bd3 a5 34. c3 Re5 35. b4 b6 36. bxa5 bxa5 37. c4 g5 38. hxg5 hxg5 39. Nd5 f4 40. Nc7 Kh6
41. Be2 Re7 42. Na6 Kg6 43. Ke1 Kf5 44. Kf2 Re5 45. c5 Ke6 46. c6 Ke7 47. c7 Kd7 48. Bg4+
1-0

[Event "Open It Up"]
[Site "SchemingMind.com"]
[Date "2014.11.23"]
[Round "-"]
[White "David Hartley"]
[Black "Don Vito"]
[Result "1-0"]
[WhiteCountry "ENG"]
[BlackCountry "VEN"]
[WhiteElo "1791"]
[WhiteRD "65"]
[BlackElo "1789"]
[BlackRD "94"]
[GameID "369202"]

1. e4 e5 2. f4 exf4 3. Nf3 g5 4. h4 g4 5. Ne5 Nf6 6. Nxg4 d6 7. Nxf6+ Qxf6 8. Qf3 Nc6 9. c3 Ne5 10. Qf2 Bd7
11. Be2 O-O-O 12. Qxa7 Bc6 13. d4 Ng6 14. Bg4+
1-0

[Event "Open It Up"]
[Site "SchemingMind.com"]
[Date "2014.11.19"]
[Round "-"]
[White "David Hartley"]
[Black "Clive Everill"]
[Result "1-0"]
[WhiteCountry "ENG"]
[BlackCountry "CZE"]
[WhiteElo "1791"]
[WhiteRD "65"]
[BlackElo "1688"]
[BlackRD "54"]
[GameID "369203"]

1. e4 e5 2. f4 d5 3. exd5 exf4 4. Nf3 Nf6 5. d4 Nxd5 6. Qe2+ Be7 7. c4 Nf6 8. Bxf4 Nc6 9. d5 Nb8 10. Qd3 O-O
11. Be3 Nbd7 12. Be2 Re8 13. O-O Bc5 14. Bxc5 Nxc5 15. Qc2 g6 16. Nc3 Bf5 17. Qd1 Nfe4 18. Nxe4 Nxe4 19. Bd3 Nd6 20. b3 Bxd3
21. Qxd3 Nf5 22. Rae1 Rxe1 23. Rxe1 c6 24. Rd1 Qb6+ 25. Kh1 Re8 26. dxc6 Qxc6 27. Qd7 Qxd7 28. Rxd7 Re7 29. Rxe7 Nxe7 30. Kg1 f5
31. Kf2 h6 32. h4 Nc6 33. a3 Na5 34. Nd2 b6 35. Ke3 Kf7 36. b4 Nc6 37. b5 Ne5 38. Kd4 Ke6 39. c5 bxc5+ 40. Kxc5 Nd7+
41. Kc6 g5 42. hxg5 hxg5 43. Kb7 Nc5+ 44. Kxa7 Na4 45. b6 Nxb6 46. Kxb6
1-0

[Event "Open It Up"]
[Site "SchemingMind.com"]
[Date "2014.11.20"]
[Round "-"]
[White "Clive Everill"]
[Black "David Hartley"]
[Result "1-0"]
[WhiteCountry "CZE"]
[BlackCountry "ENG"]
[WhiteElo "1688"]
[WhiteRD "54"]
[BlackElo "1791"]
[BlackRD "65"]
[GameID "369204"]

1. e4 e5 2. f4 d5 3. d4 Nc6 4. dxe5 dxe4 5. Qxd8+ Nxd8 6. Bc4 f5 7. Be3 Ne6 8. Ne2 Bc5 9. Bxc5 Nxc5 10. Nbc3 Be6
11. Bxe6 Nxe6 12. O-O-O Rd8 13. g3 Nh6 14. h3 c6 15. Rxd8+ Kxd8 16. Rd1+ Kc7 17. Rd6 Re8 18. Nd4 Nxd4 19. Rxd4 Rd8 20. Ra4 Kb8
21. Ne2 Ng8 22. Nd4 Rd7 23. Nxf5 g6 24. Nd6
1-0

[Event "Open It Up"]
[Site "SchemingMind.com"]
[Date "2014.11.23"]
[Round "-"]
[White "David Hartley"]
[Black "Phillip Beckett"]
[Result "1-0"]
[WhiteCountry "ENG"]
[BlackCountry "ENG"]
[WhiteElo "1791"]
[WhiteRD "65"]
[BlackElo "1567"]
[BlackRD "49"]
[GameID "369205"]

1. e4 e5 2. f4 Qh4+ 3. g3 Qe7 4. Nc3 exf4 5. d4 fxg3 6. Nf3 gxh2 7. Bf4 c6 8. Qe2 d5 9. O-O-O dxe4 10. Nxe4 Bf5
11. Nd6+ Kd8 12. Nxf5 Qxe2 13. Bxe2 g6 14. Ng5 Bh6 15. Nxf7+ Ke8 16. N5d6+ Kf8 17. Bxh6+ Nxh6 18. Nxh8 Nd7 19. Nhf7 Nxf7 20. Rdf1
1-0

[Event "Open It Up"]
[Site "SchemingMind.com"]
[Date "2014.11.23"]
[Round "-"]
[White "Phillip Beckett"]
[Black "David Hartley"]
[Result "0-1"]
[WhiteCountry "ENG"]
[BlackCountry "ENG"]
[WhiteElo "1567"]
[WhiteRD "49"]
[BlackElo "1791"]
[BlackRD "65"]
[GameID "369206"]

1. e4 e5 2. f4 d5 3. exd5 e4 4. d3 Nf6 5. dxe4 Nxe4 6. Nf3 Bc5 7. Bb5+ Bd7 8. Bxd7+ Qxd7 9. c4 O-O 10. Nc3 Nf2
11. Qc2 Nxh1 12. Ne5 Qe7 13. Bd2 f6 14. O-O-O fxe5 15. Rxh1 exf4 16. Re1 Qf7 17. Ne4 Nd7 18. Rf1 Qg6 19. Bxf4 Be3+ 20. Bxe3 Rxf1+
21. Kd2 Qxg2+
0-1

[Event "Open It Up"]
[Site "SchemingMind.com"]
[Date "2014.11.23"]
[Round "-"]
[White "David Hartley"]
[Black "kenneth m day"]
[Result "1-0"]
[WhiteCountry "ENG"]
[BlackCountry "USA"]
[WhiteElo "1813"]
[WhiteRD "60"]
[BlackElo "1730"]
[BlackRD "50"]
[GameID "369207"]

1. e4 e5 2. f4 exf4 3. Nf3 d6 4. d4 Bg4 5. Bxf4 Nf6 6. Nc3 Be7 7. Qd3 O-O 8. O-O-O Nbd7 9. h3 Bh5 10. g4 Bg6
11. Nh4 Nxe4 12. Nxg6 Nf2 13. Nxe7+ Qxe7 14. Qe3 Qxe3+ 15. Bxe3 Nxh1 16. Bg2 Ng3 17. Bf2 Nh5 18. gxh5 c6 19. d5 f5 20. dxc6 bxc6
21. Bxc6 Rad8 22. Bxa7 Ne5 23. Bd5+ Kh8 24. a4 f4 25. Rf1 Rf5 26. Be6 Rxh5 27. Rxf4 Rh6 28. Bg4 Nxg4 29. hxg4 g5 30. Rf5 Rh1+
31. Kd2 h6 32. Rd5 Rh2+ 33. Kd3 Rd7 34. Bb6 Rg2 35. Rd4 Rg3+ 36. Kc4 Rg2 37. Kb3 Rg1 38. a5 Rf1 39. Ra4 Rf8 40. a6 Ra8
41. a7 d5 42. Nb5 Rb7 43. Ra6 d4 44. Bxd4+ Kh7 45. Bb6 Rf7 46. Nc7 Rxc7 47. Bxc7 Kg7 48. Bb8 Kh7 49. Rc6 Kg7 50. Kc4
1-0

[Event "Open It Up"]
[Site "SchemingMind.com"]
[Date "2014.11.23"]
[Round "-"]
[White "kenneth m day"]
[Black "David Hartley"]
[Result "0-1"]
[WhiteCountry "USA"]
[BlackCountry "ENG"]
[WhiteElo "1691"]
[WhiteRD "48"]
[BlackElo "1796"]
[BlackRD "64"]
[GameID "369208"]

1. e4 e5 2. f4 d5 3. exd5 e4 4. d3 Nf6 5. Nc3 Bb4 6. Qe2 O-O 7. Bd2 Re8 8. dxe4 Bxc3 9. Bxc3 Nxe4 10. Be5 Qxd5
11. Rd1 Qa5+ 12. c3 Bf5 13. Qc4 Nc6 14. Nf3 Qb6 15. Nd4 Nxe5 16. fxe5 Rxe5 17. Be2 Nd6 18. Qb3 Qxb3 19. Nxb3 Bg4 20. Nd4 Rae8
21. Rd2 Nc4 22. Rc2 Ne3 23. Rd2 Nxg2+ 24. Kf2 Bxe2 25. Nxe2 Nh4 26. Re1 Ng6 27. Rdd1 Kf8 28. Rd7 R5e7 29. Rxe7 Rxe7 30. Nd4 Rxe1
31. Kxe1 a6 32. Ke2 Ke7 33. Ke3 Kf6 34. Ke4 Ne7 35. Nf3 g5 36. h3 Ng6 37. Ke3 Ne5 38. Nd4 Nc4+ 39. Ke4 Nxb2
0-1

[Event "Open It Up"]
[Site "SchemingMind.com"]
[Date "2014.11.20"]
[Round "-"]
[White "grabapawn"]
[Black "Don Vito"]
[Result "1-0"]
[WhiteCountry "USA"]
[BlackCountry "VEN"]
[WhiteElo "1570"]
[WhiteRD "59"]
[BlackElo "1789"]
[BlackRD "94"]
[GameID "369252"]

1. e4 e5 2. f4 exf4 3. Nf3 d6 4. Nc3 g5 5. d4 g4 6. Nd2 Qh4+ 7. Ke2 b6 8. Qe1 Qxe1+ 9. Kxe1 f5 10. Nd5 Kd7
11. Nc4 fxe4 12. Bxf4 Bb7 13. Nce3 Nc6 14. Be2 Nxd4 15. Bxg4+ Kd8 16. Kd2 Be7 17. c3 Nc6 18. Raf1 Nf6 19. Nxf6 Bxf6 20. Nd5 Bg7
21. Bg5+ Ne7 22. Nxe7 Ke8 23. Bh5+ Kd7 24. Rf7
1-0

[Event "Open It Up"]
[Site "SchemingMind.com"]
[Date "2014.11.20"]
[Round "-"]
[White "Don Vito"]
[Black "grabapawn"]
[Result "1-0"]
[WhiteCountry "VEN"]
[BlackCountry "USA"]
[WhiteElo "1822"]
[WhiteRD "85"]
[BlackElo "1535"]
[BlackRD "61"]
[GameID "369253"]

1. e4 e5 2. f4 Nc6 3. Nf3 Bc5 4. fxe5 d6 5. d4 Bb6 6. exd6 Qxd6 7. Be3 Bg4 8. c3 O-O-O 9. Nbd2 Nh6 10. Nc4 Qe7
11. Nxb6+ cxb6 12. Qc2 Nf5 13. Bf2 Nh6 14. Bd3 Kb8 15. O-O-O Rc8 16. h3 Bxf3 17. gxf3 Rhd8 18. Kb1 g6 19. Be3 f6 20. Bxh6 a6
21. Be3 Ka7 22. Qf2 Na5 23. d5 Qc7 24. Bd4 Rd6 25. Be3 Nc4 26. Bxc4 Qxc4 27. Rd4 Qb5 28. Rb4 Qd7 29. Rxb6 Kb8 30. Qe2 g5
31. Qxa6 Rxb6 32. Qxb6 Rc4 33. Qa7+ Kc8 34. Qa8+ Kc7 35. Qa5+ Kd6 36. b3 Rc8 37. Qb6+ Ke7 38. Bd4 Qd6 39. Qxd6+ Kxd6 40. Bxf6 Rg8
41. c4 h5 42. e5+ Kd7 43. Rg1 g4 44. fxg4
1-0

[Event "Open It Up"]
[Site "SchemingMind.com"]
[Date "2014.11.24"]
[Round "-"]
[White "David Hartley"]
[Black "grabapawn"]
[Result "1-0"]
[WhiteCountry "ENG"]
[BlackCountry "USA"]
[WhiteElo "1796"]
[WhiteRD "64"]
[BlackElo "1535"]
[BlackRD "61"]
[GameID "369255"]

1. e4 e5 2. f4 Nc6 3. Nf3 Bc5 4. d3 d6 5. Nbd2 Nf6 6. Nb3 Bb6 7. h3 O-O 8. Qe2 Bd7 9. f5 Qe7 10. Bg5 h6
11. Bh4 Nd4 12. Nbxd4 exd4 13. O-O-O c5 14. Kb1 Bd8 15. Be1 b5 16. c3 Bb6 17. cxd4 cxd4 18. Bf2 d5 19. g4 a5 20. exd5 Qb4
21. Qd2 Nxd5 22. Qxb4 axb4 23. Bxd4 Bc7 24. Bg2 Ra6 25. Ne5 Rfa8 26. Bxd5 Rd8 27. Nxf7 Rb8 28. Nxh6+ Kf8 29. Nf7 Bc6 30. Bc5+ Kg8
31. Bxc6 Rxc6 32. Bxb4 Kxf7 33. d4 Bf4 34. d5 Rc4 35. a3 Rd8 36. Rhe1 Rd7 37. d6 Rc6 38. Re7+ Rxe7 39. dxe7
1-0

[Event "Open It Up"]
[Site "SchemingMind.com"]
[Date "2014.11.20"]
[Round "-"]
[White "grabapawn"]
[Black "Clive Everill"]
[Result "0-1"]
[WhiteCountry "USA"]
[BlackCountry "CZE"]
[WhiteElo "1570"]
[WhiteRD "59"]
[BlackElo "1688"]
[BlackRD "54"]
[GameID "369256"]

1. e4 e5 2. f4 exf4 3. Nf3 g5 4. d4 Bg7 5. Nc3 d6 6. Bc4 Nc6 7. Bd2 Nxd4 8. O-O Nxf3+ 9. Rxf3 Bg4 10. Qe2 Bxf3
11. Qxf3 Qd7 12. Rd1 O-O-O 13. Be1 Be5 14. Qf2 Kb8 15. Nb5 b6 16. Ba5 c5 17. Bc3 Qe7 18. Qf3 Nf6 19. Rd3 g4 20. Qd1 Nxe4
21. Bxe5 Qxe5 22. Rd5 Qxb2 23. Rd3 Qf6 24. c3 h5 25. Qa4 a5 26. Bd5 Rhe8 27. Bc6 Re7 28. Qc4 Ng5 29. Kf2 f3 30. gxf3 Nh3+
31. Kg2 Re2+ 32. Kf1 Rf2+ 33. Ke1 Qe5+ 34. Be4 Qxh2
0-1

[Event "Open It Up"]
[Site "SchemingMind.com"]
[Date "2014.11.20"]
[Round "-"]
[White "Clive Everill"]
[Black "grabapawn"]
[Result "1-0"]
[WhiteCountry "CZE"]
[BlackCountry "USA"]
[WhiteElo "1688"]
[WhiteRD "54"]
[BlackElo "1570"]
[BlackRD "59"]
[GameID "369257"]

1. e4 e5 2. f4 Nc6 3. Nf3 Bc5 4. fxe5 d5 5. exd5 Nce7 6. c4 Bg4 7. d4 Bb6 8. b4 c6 9. c5 cxd5 10. cxb6 Qxb6
11. a3 Nf5 12. Bb2 Nge7 13. Nc3 O-O 14. Na4 Qe6 15. Be2 Ne3 16. Qd2 Qh6 17. Kf2 N7f5 18. h3 Bxf3 19. Bxf3 Qh4+ 20. Kg1 Rac8
21. Nc3 Nc4 22. Qc1 Ng3 23. Rh2 f6 24. Bxd5+ Kh8 25. Bxb7 Rcd8 26. Qe1 fxe5 27. Bf3 Rxd4 28. Ne4 Nxb2 29. Qxg3 Qxg3 30. Nxg3 Rfd8
31. Rh1 Rd2 32. Kh2 Nc4 33. Rhc1 Ne3 34. Ne4 Rb2 35. Rc7 h6 36. Rxa7 Rf8 37. Kg3 Nf5+ 38. Kh2 Nh4 39. Kg1 Nxf3+ 40. gxf3 Rxf3
41. Rd1 Rxh3 42. Rd8+ Kh7 43. Rdd7 Kg6 44. Rxg7+ Kf5 45. Nd6+ Ke6 46. Rg6+ Kd5 47. Ra5+ Kd4 48. Rg4+ Kc3 49. Rxe5 h5 50. Rgg5 Rd3
51. Nb5+ Kb3 52. Re1 h4 53. Rg2 h3 54. Rxb2+ Kxb2 55. Re2+ Kc1 56. Kh2 Kd1 57. Ra2 Kc1 58. Rf2 Kd1 59. a4 Re3 60. a5
1-0

[Event "Open It Up"]
[Site "SchemingMind.com"]
[Date "2014.11.20"]
[Round "-"]
[White "grabapawn"]
[Black "Phillip Beckett"]
[Result "1/2-1/2"]
[WhiteCountry "USA"]
[BlackCountry "ENG"]
[WhiteElo "1570"]
[WhiteRD "59"]
[BlackElo "1567"]
[BlackRD "49"]
[GameID "369258"]

1. e4 e5 2. f4 Qh4+ 3. g3 Qe7 4. Nc3 exf4 5. d4 fxg3 6. hxg3 d5 7. e5 c6 8. Nf3 f6 9. Bf4 fxe5 10. Nxe5 Nf6
11. Qd3 Nbd7 12. O-O-O Nxe5 13. Bxe5 Bg4 14. Be2 Bxe2 15. Qxe2 O-O-O 16. g4 Nd7 17. Rde1 Nxe5 18. Qxe5 Qxe5 19. Rxe5 Bd6 20. Re6 Rhe8
21. Rhe1 Kd7 22. Rxe8 Rxe8 23. Rxe8 Kxe8 24. Kd2 Kf7 25. Ke3 Kg6 26. Kf3 h5 27. gxh5+ Kxh5 28. Ne2 g5 29. Kg2 g4 30. Nc3 Kh4
31. Na4 b5 32. Nc3 a5 33. b3 Bf8 34. Ne2 Bg7 35. c3 Bh6 36. Ng3 Bd2 37. Ne2 g3 38. a4 Be1 39. axb5 cxb5 40. Kf1 Kh3
41. Ng1+ Kh2 42. Nf3+ Kh3 43. Nxe1 Kg4 44. Kg2 a4 45. bxa4 bxa4 46. Nc2 Kf4 47. Na3 Ke4 48. Kxg3 Kd3 49. Nb1 Kc2 50. c4 Kxb1
51. cxd5 a3 52. d6 a2 53. d7 a1=Q 54. d8=Q Qc3+ 55. Kf4 Qd2+ 56. Ke4 Qg2+ 57. Ke5 Qg3+ 58. Kd5 Qf3+ 59. Kc5= Qc3+ 60. Kd5= Qf3+
61. Kc5 Qc3+=
1/2-1/2

[Event "Open It Up"]
[Site "SchemingMind.com"]
[Date "2014.11.20"]
[Round "-"]
[White "Phillip Beckett"]
[Black "grabapawn"]
[Result "1-0"]
[WhiteCountry "ENG"]
[BlackCountry "USA"]
[WhiteElo "1567"]
[WhiteRD "49"]
[BlackElo "1570"]
[BlackRD "59"]
[GameID "369259"]

1. e4 e5 2. f4 Nc6 3. Nf3 d6 4. Bc4 Nf6 5. d3 Bg4 6. O-O Qd7 7. f5 O-O-O 8. h3 Bxf3 9. Qxf3 Nd4 10. Qd1 g6
11. fxg6 hxg6 12. Rxf6 Ne6 13. Qg4 Re8 14. Be3 Bg7 15. Rf1 Nf4 16. Qxd7+ Kxd7 17. c3 Bh6 18. Bxf4 exf4 19. Na3 Re7 20. Rae1 c6
21. Nc2 b5 22. Bb3 a5 23. Nd4 a4 24. Bc2 g5 25. Nf3 Rg8 26. e5 dxe5 27. Nxe5+ Kd6 28. Ng4 Bg7 29. Rxe7 Kxe7 30. Re1+ Kd6
31. d4 Rf8 32. b3 axb3 33. Bxb3 f5 34. Ne5 g4 35. hxg4 fxg4 36. Nxg4 Kd7 37. Ne5+ Kd6 38. Nf7+ Kc7 39. Re7+ Kb6 40. a4 Bf6
41. Re6 Bh4 42. Rh6 Be1 43. Ne5 Rc8 44. axb5 Kxb5 45. Kf1 Bxc3 46. Nf3 Ra8 47. Rh5+ Kb4 48. Bd1 Ra1 49. Ke2 Ra2+ 50. Kf1= Ra5
51. Rxa5 Kxa5 52. Ke2 Kb5 53. Kd3 Bb4 54. Ne5 Bd6 55. Bf3 Bxe5 56. dxe5 c5 57. e6 Kb4 58. e7 Kb3 59. Bd5+
1-0

[Event "Open It Up"]
[Site "SchemingMind.com"]
[Date "2014.11.20"]
[Round "-"]
[White "grabapawn"]
[Black "kenneth m day"]
[Result "1-0"]
[WhiteCountry "USA"]
[BlackCountry "USA"]
[WhiteElo "1570"]
[WhiteRD "59"]
[BlackElo "1712"]
[BlackRD "48"]
[GameID "369260"]

1. e4 e5 2. f4 exf4 3. Nf3 d6 4. d4 g5 5. Nc3 Be7 6. Bc4 Bg4 7. Qd3 h6 8. Bd2 Nf6 9. h3 Bh5 10. O-O-O Nc6
11. Rde1 Qd7 12. g4 fxg3 13. h4 g4 14. Ng1 O-O-O 15. Qxg3 Nxd4 16. Be3 Nc6 17. Bb5 a6 18. Ba4 b5 19. Bb3 Ne5 20. Bf4 Qc6
21. Rh2 Rhg8 22. Rd2 Nf3 23. Nxf3 gxf3 24. Qh3+ Bg4 25. Qh2 a5 26. Bxf7 Rh8 27. e5 dxe5 28. Rxe5 Bd6 29. Be6+ Kb8 30. Rxb5+ Qxb5
31. Nxb5 Bxe6 32. Nxd6 cxd6 33. Bxd6+ Kc8 34. Bb8 Rh7 35. Ba7 Rxa7 36. Rxd8+ Kxd8 37. Qb8+ Ke7 38. Qxa7+
1-0